Schnelles Mathe-Quiz, nur ein kurzes Quiz 2 - Statistiken

Allgemein
  • Dieses Quiz wurde 75 mal gespielt
  • Das Durchschnittsergebnis liegt bei 14 aus 15
Antwortstatistiken
Hint Antwort % Korrekt
11 : 11 = 1
100%
111 : 111 1
100%
11 - 11 = 0
97%
0 x 11 = 0
97%
11 + 11 = 22
97%
101 + 69 = 170
95%
11 x 11 = 121
94%
101 - 69 = 32
92%
85 + 79 = 164
91%
3 x 69 = 207
88%
79 x 3 = 237
88%
155 - 74 = 81
88%
172 : 4 = 43
86%
12 x 15 = 180
82%
15 x 16 = 240
76%
Keine übereinstimmenden Quizze gefunden
Verteilung der Resultate
Anzahl Personen mit jedem Resultat
Perzentil nach korrekt beantworteten Fragen
Ihre Resultats-Entwicklung
Sie haben dieses Quiz noch nicht gespielt